|
|
|
|
| LEADER |
01008nam a2200253 i 4500 |
| 001 |
c000236491 |
| 003 |
CARM |
| 005 |
00000000000000.0 |
| 008 |
840301s1977 nju 0 eng d |
| 019 |
1 |
|
|a 757573
|5 LACONCORD2021
|
| 020 |
|
|
|a 0878551026
|
| 035 |
|
|
|a (OCoLC)3034937
|5 LACONCORD2021
|
| 082 |
0 |
4 |
|a 301.45/1/0973
|
| 245 |
0 |
0 |
|a Black/brown/white relations :
|b race relations in the 1970s /
|c edited by Charles V. Willie.
|
| 260 |
|
|
|a New Brunswick, N.J. :
|b Transaction Books,
|c c1977.
|
| 300 |
|
|
|a 235 p. ;
|c 24 cm.
|
| 504 |
|
|
|a Includes bibliographies and index.
|
| 650 |
|
0 |
|a Race discrimination
|z United States.
|
| 651 |
|
0 |
|a United States
|x Race relations.
|
| 651 |
|
0 |
|a United States
|x Social conditions
|y 1960-1980.
|
| 700 |
1 |
|
|a Willie, Charles Vert,
|d 1927-
|
| 852 |
8 |
|
|b CARM
|h A2:AR31G0
|i C08701
|p 0326397
|f BK
|
| 999 |
f |
f |
|i b1755358-2a5f-5732-90c7-31864a798414
|s ea861231-6982-563e-a5cc-b38aa33c3dcc
|
| 952 |
f |
f |
|p Can circulate
|a CAVAL
|b CAVAL
|c CAVAL
|d CARM 1 Store
|e C08701
|f A2:AR31G0
|h Other scheme
|i book
|m 0326397
|